Un nuovo orizzonte

Saved in:
Bibliografiske detaljer
Hovedforfatter: Rossini Piermarco
Format: Bog
Sprog:ukendt sprog
Udgivet: Roma Gabrieli 1999
Tags: Tilføj Tag
Ingen Tags, Vær først til at tagge denne postø!

MARC

LEADER 00000nam a2200000Ia 4500
001 50
003 NUMERAZIONE-ORIGINALE-BRESCIA
005 20260206230747.0
008 260206s9999 xx 000 0 und d
100 |a Rossini Piermarco 
245 0 |a Un nuovo orizzonte 
260 |a Roma 
260 |b Gabrieli 
260 |c 1999 
500 |a Domus Calliope 
942 |2 ddc  |c BK  |n 0 
952 |0 0  |1 0  |2 ddc  |4 0  |6 26  |7 0  |9 28232  |a BS  |b BS  |d 2026-02-06  |i 50  |l 0  |o 2-6-*  |r 2026-02-06 22:40:31  |w 2026-02-06  |x [REVISIONARE]  |y BK 
999 |c 23932  |d 23932